Datum a čas kvízu
26
Celkem bodů
Celkový počet nahraných bodů na tomto kvízu bez doplňovacích otázek.
10.
Pořadí na kvízu
Konečné umístění týmu na tomto kvízu.
Zaznamenané odpovědi
| # | Otázka | Odpověď | Body | Výsledky |
|---|---|---|---|---|
| 1. | Počátkem minulého týdne se v č... | v Ostravě | 0 | |
| 2. | Manželka premiéra jedné evrops... | Boris Johnson | 1 | |
| 3. | Prvok, Šampón, Tečka a Karel j... | Patrik Hartl | 0 | |
| 4. | V pátek byl v Praze otevřen ob... | Zákazníci si zboží vybírají virtuálně. | 1 | |
| 5. | Hokejový brankář Vítek Vaněček... | Seattle, Washington | 0.5 | |
| 6. | V tomto tématu se zaměříme na... | Cyril Höschl | 0 | |
| 7. | V populaci se jako druhé nejča... | obsedantně kompulzivní | 1 | |
| 8. | Lék ze skupiny benzodiazepinů... | Xanax | 1 | |
| 9. | Duševní poruchou, při níž se s... | Stella Zázvorková | 1 | |
| 10. | Lithium se používá v psychiatr... | 1991 (Uznáváme 1989–93.) | 1 |